01435nam a22003134a 4500001001000000005001700010006001900027007000300046008004100049017001500090020001800105040001400123041000800137043000800145082001800153100003900171245005300210260004500263300001900308505034000327650003100667650003500698700003100733942003000764952010000794952010600894952010601000999001501106PE-BaUNAB20260703204427.0a||||gr|||| 001 0 ta t pe gr 00| 0 spa d aB.903-2020 a9788491135722 aPE-BaUNAB aspa cper a23 610.73069  aSheila A. SorrentinoeAutor913879 aManual Mosby de cuidados básicos de enfermeria aBarcelona, España : bElsevier, c2020 a518 pc27.5 cm aNuevo contenido. Capitulo 2: Los derechos de la persona, Capitulo 3: El tecnico en cuidados auxiliares de enfermería, Capitulo 4: Ética y leyes, Capitulo 5: Estudiantes y ética en el trabajo, Capitulo 6: Comunicación con el equipo de salud, Capitulo 10. Necesidades en seguridad, Capitulo 11. Prevención de caídas.. 0aAutocuidado en salud95669 0aCuidados de enfermería95652 aLeighann N. Remmert913880 2ddccLIBe2026-07-03zLRM 2ddc8ENFERaB01bB01d2026-07-03l0o23 610.73069 S714mp01L000008457r2026-07-03 20:41:47yLIB 2ddc8ENFERaB01bB01d2026-07-03l0o23 610.73069 S714mp01L000008458r2026-07-03 20:41:47tej.2yLIB 2ddc8ENFERaB01bB01d2026-07-03l0o23 610.73069 S714mp01L000008459r2026-07-03 20:41:47tej.3yLIB c6127d6127